Mięśnie grzbietu - Statystyki

Ogólne statystyki
  • Ten quiz został rozwiązany 4 razy
  • Średni wynik to 4 z 37
Statystyki odpowiedzi
Hint Odpowiedź % Poprawnych
2 Najszerszy grzbietu
100%
1 Czworoboczny
67%
4 Równoległoboczny mniejszy
67%
3 Równoległoboczny większy
67%
5 Dźwigacz łopatki
33%
7 Zębaty tylny dolny
33%
9 Biodrowo-żebrowy klatki piersiowej
0%
8 Biodrowo-żebrowy lędźwi
0%
10 Biodrowo-żebrowy szyi
0%
21 Dźwigacze długie żeber
0%
20 Dźwigacze krótkie żeber
0%
24 Kolcowy głowy
0%
22 Kolcowy klatki piersiowej
0%
23 Kolcowy szyi
0%
26 Międzykolcowe lędźwi
0%
25 Międzykolcowe szyi
0%
18 Między poprzeczne boczne lędźwi
0%
16 Między poprzeczne przednie szyi
0%
19 Między poprzeczne przyśrodkowe lędźwi
0%
17 Między poprzeczne tylne szyi
0%
13 Najdłuższy głowy
0%
11 Najdłuższy klatki piersiowej
0%
12 Najdłuższy szyi
0%
14 Płatowaty głowy
0%
15 Płatowaty szyi
0%
34 Podpotyliczny prosty tylny mniejszy głowy
0%
35 Podpotyliczny prosty tylny większy głowy
0%
37 Podpotyliczny skośny dolny głowy
0%
36 Podpotyliczny skośny górny głowy
0%
29 Półkolcowy głowy
0%
27 Półkolcowy klatki piersiowej
0%
28 Półkolcowy szyi
0%
31 Skręcające klatki piersiowej
0%
32 Skręcające lędźwi
0%
30 Skręcające szyi
0%
33 Wielodzielny
0%
6 Zębaty tylny górny
0%
Nie znaleziono quizów pasujących do podanych kryteriów
Rozkład punktacji
Procent ludzi z każdym wynikiem
Percentyl według liczby udzielonych odpowiedzi
Twoja historia wyników
Nie rozwiązałeś tego quizu